000
00311nam a22001337a 4500
022
_a
08567972
050
_a
QL737
_b
.C43S88
100
_a
Berggren P.
245
_a
Sustainable Dolphin Tourism in East Africa
260
_a
Zanzibar
_b
WIOMSA
_c
2007
300
_a
ix,71p.
700
_a
Guissamulo,O.A.
942
_c
GEN
999
_c
1822
_d
1822